National Assembly Library of Thailand

การจัดการภาครัฐแนวใหม่ / (ระเบียนเลขที่ 74086)

รายละเอียดในรูปแบบ MARC
000 -LEADER
fixed length control field 01219nam a22002777a 4500
003 - CONTROL NUMBER IDENTIFIER
control field NALT
005 - DATE AND TIME OF LATEST TRANSACTION
control field 20260202111430.0
008 - FIXED-LENGTH DATA ELEMENTS--GENERAL INFORMATION
fixed length control field s2556 th tha d
020 ## - INTERNATIONAL STANDARD BOOK NUMBER
International Standard Book Number 9786165516853
040 ## - CATALOGING SOURCE
Original cataloging agency NALT
041 ## - LANGUAGE CODE
Language code of text/sound track or separate title tha
050 ## - LIBRARY OF CONGRESS CALL NUMBER
Classification number JF 1358
Item number ร861ก 2556
100 0# - MAIN ENTRY--PERSONAL NAME
Personal name เรืองวิทย์ เกษสุวรรณ.
9 (RLIN) 25207
245 10 - TITLE STATEMENT
Title การจัดการภาครัฐแนวใหม่ /
Statement of responsibility, etc. เรืองวิทย์ เกษสุวรรณ.
260 ## - PUBLICATION, DISTRIBUTION, ETC.
Place of publication, distribution, etc. กรุงเทพฯ :
Name of publisher, distributor, etc. บพิธการพิมพ์,
Date of publication, distribution, etc. 2556.
300 ## - PHYSICAL DESCRIPTION
Extent 312 หน้า :
Other physical details ภาพประกอบ, ตาราง ;
Dimensions 26 ซม.
650 #4 - SUBJECT ADDED ENTRY--TOPICAL TERM
Topical term or geographic name entry element อินเทอร์เน็ตในการบริหารรัฐกิจ
9 (RLIN) 35704
650 #4 - SUBJECT ADDED ENTRY--TOPICAL TERM
Topical term or geographic name entry element การคลัง
9 (RLIN) 29246
650 #4 - SUBJECT ADDED ENTRY--TOPICAL TERM
Topical term or geographic name entry element นโยบายสาธารณะ
9 (RLIN) 284
650 #4 - SUBJECT ADDED ENTRY--TOPICAL TERM
Topical term or geographic name entry element ส่วนราชการ
9 (RLIN) 35705
650 #4 - SUBJECT ADDED ENTRY--TOPICAL TERM
Topical term or geographic name entry element การบริหารรัฐกิจ
9 (RLIN) 9283
653 #4 - INDEX TERM--UNCONTROLLED
Uncontrolled term รัฐบาลอิเล็กทรอนิกส์
850 ## - HOLDING INSTITUTION
Holding institution NALT
942 ## - ADDED ENTRY ELEMENTS (KOHA)
Koha item type General Book
Source of classification or shelving scheme Library of Congress Classification
998 ## - STAFF NAME (NALT)
-- 8
-- นายบัณฑิต อุทาวงค์
รายการที่มีในห้องสมุด
Withdrawn status Lost status Source of classification or shelving scheme Damaged status Not for loan Collection code Home library Current library Shelving location Date acquired Source of acquisition Total Checkouts Total Renewals Full call number Barcode Date last seen Date last checked out Copy number Price effective from Koha item type
    Library of Congress Classification     General Book collection National Assembly Library of Thailand National Assembly Library of Thailand General Book shelves 14/02/2023 จัดซื้อทรัพยากร 28 22 JF 1358 ร861ก 2556 3961201318 16/02/2026 02/02/2026 ฉ.1 09/06/2017 General Book
    Library of Congress Classification     General Book collection National Assembly Library of Thailand National Assembly Library of Thailand General Book shelves 10/01/2024 จัดซื้อทรัพยากร 7 4 JF 1358 ร861ก 2556 3961201317 18/04/2024 04/04/2024 ฉ.2 09/06/2017 General Book
    Library of Congress Classification     Senate National Assembly Library of Thailand National Assembly Library of Thailand General Book shelves 17/01/2022   4 1 JF 1358 ร861ก 2556 0100007283001 18/09/2025 12/09/2025   17/01/2022 General Book
หอสมุดรัฐสภา
สำนักงานเลขาธิการสภาผู้แทนราษฎร เลขที่ 1111 ถนนสามเสน แขวงถนนนครไชยศรี เขตดุสิต กรุงเทพฯ 10300
The Secretariat of the House of Representatives 1111 Samsen Road, Thanon Nakhon Chai Si, Dusit, Bangkok 10300, THAILAND
โทรศัพท์: +66(0) 2242 5900 ต่อ 5714-5 โทรสาร: +66(0) 2242 5990 อีเมล: [email protected]